| 000 | 00472nam a2200157 i 4500 | ||
|---|---|---|---|
| 001 | 76593 | ||
| 003 | ES-MaACL | ||
| 005 | 20230906172906.0 | ||
| 007 | t| | ||
| 008 | 041004s1971 sp ||||1| spa d | ||
| 100 | 1 |
_aGuillaumaud, Jacques. _960721 |
|
| 245 | 1 | 0 |
_aCibernética y lógica dialéctica / _cJacques Guillaumaud ; [traducción de Marcial Suárez]. |
| 260 |
_a[Madrid] : _bArtiach, _c[1971] |
||
| 300 |
_a227 p. ; _c19 cm. |
||
| 852 |
_aES-MaACL _jC-39310 _bR.77870 |
||
| 999 |
_c76593 _d76593 |
||